| 000 | 00649nam a2200217Ia 4500 | ||
|---|---|---|---|
| 005 | 20230208141448.0 | ||
| 008 | 210716s2009 xx 000 0 und d | ||
| 020 | _a9780195695250 | ||
| 040 | _cAIMIT LIBRARY | ||
| 041 | _aeng | ||
| 082 |
_a658.1511 _21 _bAHAP |
||
| 100 |
_aShah, Paresh. _971328 |
||
| 245 |
_aManagement accounting / _cParesh Shah. |
||
| 250 | _a1st ed. | ||
| 260 |
_aNew Delhi : _bOxford University Press , _c2009. |
||
| 300 |
_axiv,793p. ; _bPB _c23.5 cm |
||
| 650 |
_aElements of cost _971329 |
||
| 650 |
_aDeterminations of cost _971330 |
||
| 650 |
_aManagement applications _971331 |
||
| 942 |
_2ddc _cBK _e1st _k658.1511 SHAP |
||
| 999 |
_c203778 _d203778 |
||